<?xml version="1.0" encoding="UTF-8"?>
<record
    xmlns:xsi="http://www.w3.org/2001/XMLSchema-instance"
    xsi:schemaLocation="http://www.loc.gov/MARC21/slim http://www.loc.gov/standards/marcxml/schema/MARC21slim.xsd"
    xmlns="http://www.loc.gov/MARC21/slim">

  <leader>02924nam a22003497a 4500</leader>
  <controlfield tag="005">20240305165628.0</controlfield>
  <controlfield tag="007">cr||||   |||| </controlfield>
  <controlfield tag="008">220322s2018    eu |||||s|||| 00||0 spa d</controlfield>
  <datafield tag="020" ind1=" " ind2=" ">
    <subfield code="a">978-84-9123-706-8</subfield>
  </datafield>
  <datafield tag="035" ind1=" " ind2=" ">
    <subfield code="a">33634</subfield>
  </datafield>
  <datafield tag="040" ind1=" " ind2=" ">
    <subfield code="a">vLex</subfield>
  </datafield>
  <datafield tag="090" ind1=" " ind2=" ">
    <subfield code="c">13073</subfield>
    <subfield code="d">13073</subfield>
  </datafield>
  <datafield tag="100" ind1="1" ind2=" ">
    <subfield code="a">Mart&#xED;nez Guti&#xE9;rrez, &#xC1;ngel</subfield>
  </datafield>
  <datafield tag="245" ind1="1" ind2="0">
    <subfield code="a">Denominaciones de origen e indicaciones geogr&#xE1;ficas en la Uni&#xF3;n Europea</subfield>
    <subfield code="h">[Recurso electr&#xF3;nico] :</subfield>
    <subfield code="b">Cinco lustros de luces y sombras /</subfield>
    <subfield code="c">&#xC1;ngel Mart&#xED;nez Guti&#xE9;rrez</subfield>
  </datafield>
  <datafield tag="256" ind1=" " ind2=" ">
    <subfield code="a">Servicio en l&#xED;nea</subfield>
  </datafield>
  <datafield tag="260" ind1=" " ind2=" ">
    <subfield code="a">Madrid:</subfield>
    <subfield code="b">Marcial Pons,</subfield>
    <subfield code="c">2018</subfield>
  </datafield>
  <datafield tag="300" ind1=" " ind2=" ">
    <subfield code="a">1 recurso electr&#xF3;nico</subfield>
  </datafield>
  <datafield tag="500" ind1=" " ind2=" ">
    <subfield code="a">En 2017 se cumplieron veinticinco a&#xF1;os de la aprobaci&#xF3;n en la Uni&#xF3;n Europea de una tutela espec&#xED;fica para las figuras de calidad ancladas al territorio aplicables a la pr&#xE1;ctica totalidad de los productos agroalimentarios. Aunque la preocupaci&#xF3;n del legislador comunitario por esta materia, limitada eso s&#xED; al &#xE1;mbito vitivin&#xED;cola, se retrotrae a una etapa anterior coincidente con los albores de la Uni&#xF3;n Europea, ha sido a partir de 1992 cuando se inici&#xF3; un proceso de extensi&#xF3;n productiva y armonizaci&#xF3;n comunitaria que ha llegado hasta nuestros d&#xED;as. Se justifica as&#xED; que, con ocasi&#xF3;n de esta efem&#xE9;ride, la monograf&#xED;a aborde el estudio de los dos principales instrumentos normativos comunitarios actualmente vigentes en la Uni&#xF3;n Europea, atendiendo a las aportaciones de la doctrina cient&#xED;fica, as&#xED; como a las decisiones administrativas y judiciales adoptadas dentro y fuera de Espa&#xF1;a. As&#xED; pues, adem&#xE1;s de examinar los preceptos del Reglamento (UE) n&#xFA;m. 1308/2013 que han sido dedicados a los t&#xED;tulos de calidad vitivin&#xED;colas, analiza tambi&#xE9;n el contenido del Reglamento (UE) n&#xFA;m. 1151/2012, que los regula de forma horizontal para todos los productos agroalimentarios, a excepci&#xF3;n de las bebidas espirituosas y los productos vitivin&#xED;colas aromatizados, cuyas indicaciones geogr&#xE1;ficas encuentran su regulaci&#xF3;n en sendos reg&#xED;menes jur&#xED;dicos espec&#xED;ficos que resultan tributarios de la normativa horizontal [Reglamento (CE) n&#xFA;m. 110/2008 y Reglamento (UE) n&#xFA;m. 251/2014].</subfield>
  </datafield>
  <datafield tag="506" ind1="1" ind2=" ">
    <subfield code="a">Disponible solo en los productos indicados</subfield>
    <subfield code="d">vLex Global</subfield>
    <subfield code="d">vLex Global (Academic Edition, excluding Law Schools)</subfield>
    <subfield code="d">vLex Global (U.S. Academic Edition, Law Schools)</subfield>
    <subfield code="d">vLex Global (U.S. Academic Edition, excluding Law Schools)</subfield>
    <subfield code="d">vLex Global (Academic Edition, Law Schools)</subfield>
  </datafield>
  <datafield tag="650" ind1="0" ind2="4">
    <subfield code="a">Propiedad Industrial</subfield>
    <subfield code="z">Espa&#xF1;a</subfield>
  </datafield>
  <datafield tag="650" ind1="0" ind2="4">
    <subfield code="a">Derecho de la Competencia</subfield>
    <subfield code="z">Espa&#xF1;a</subfield>
  </datafield>
  <datafield tag="650" ind1="0" ind2="4">
    <subfield code="a">Actividad Administrativa</subfield>
    <subfield code="z">Espa&#xF1;a</subfield>
  </datafield>
  <datafield tag="650" ind1="0" ind2="4">
    <subfield code="a">Sanidad</subfield>
    <subfield code="z">Espa&#xF1;a</subfield>
  </datafield>
  <datafield tag="650" ind1="0" ind2="4">
    <subfield code="a">Alimentaci&#xF3;n</subfield>
    <subfield code="z">Espa&#xF1;a</subfield>
  </datafield>
  <datafield tag="650" ind1="0" ind2="4">
    <subfield code="a">Consumo</subfield>
    <subfield code="z">Espa&#xF1;a</subfield>
  </datafield>
  <datafield tag="650" ind1="0" ind2="4">
    <subfield code="a">Derecho Comunitario</subfield>
    <subfield code="z">Espa&#xF1;a</subfield>
  </datafield>
  <datafield tag="650" ind1="0" ind2="4">
    <subfield code="a">Agricultura y Ganader&#xED;a</subfield>
    <subfield code="z">Espa&#xF1;a</subfield>
  </datafield>
  <datafield tag="650" ind1="0" ind2="4">
    <subfield code="a">Pesca</subfield>
    <subfield code="z">Espa&#xF1;a</subfield>
  </datafield>
  <datafield tag="740" ind1="0" ind2=" ">
    <subfield code="a">vLex Libros (Servicio en l&#xED;nea)</subfield>
  </datafield>
  <datafield tag="856" ind1="4" ind2="0">
    <subfield code="u">https://app.vlex.com/#/sources/33634</subfield>
  </datafield>
  <datafield tag="942" ind1=" " ind2=" ">
    <subfield code="c">RAA</subfield>
  </datafield>
  <datafield tag="952" ind1=" " ind2=" ">
    <subfield code="0">0</subfield>
    <subfield code="1">0</subfield>
    <subfield code="4">0</subfield>
    <subfield code="7">0</subfield>
    <subfield code="8">VLEX</subfield>
    <subfield code="9">329232</subfield>
    <subfield code="a">BD-UIN</subfield>
    <subfield code="b">BD-UIN</subfield>
    <subfield code="d">2024-03-05</subfield>
    <subfield code="l">0</subfield>
    <subfield code="p">33634</subfield>
    <subfield code="r">2024-03-05</subfield>
    <subfield code="w">2024-03-05</subfield>
    <subfield code="y">RAA</subfield>
  </datafield>
  <datafield tag="999" ind1=" " ind2=" ">
    <subfield code="c">171309</subfield>
    <subfield code="d">171309</subfield>
  </datafield>
</record>
